Les jumeaux célèbres (3) - Statistiques

Statistiques générales
  • Ce quiz a été pris 14 fois
  • Le résultat moyen est 5 sur 20
Statistiques - réponses
Hint Explanation Réponse % Correct
Christian OMEYER Handballeurs Thierry
62%
Taoufik LACHHEB Sauteurs à la perche Khalid
54%
Sven BENDER Footballeurs allemands Lars
54%
Frank de BOER Footballeurs néerlandais Ronald
46%
Jean-Jacques BEOVARDI Judokas Dominique
31%
Marie COLLINSON Mannequins Madeleine
31%
Mikele BARBER Athlètes américaines Me'lisa
31%
Jessica BUIL Karatékas Sabrina
31%
Mario ANDRETTI Pilotes automobiles Aldo
15%
Ake BORG Nageurs suèdois Arne
15%
Alice KESSLER Danseuses Ellen
15%
Gilles BRISSON Footballeurs François
15%
Mark EVANS Rameurs canadiens Michael
15%
Gaëtan BRIZZI Peintres Paul
15%
Vilhelm CARLBERG Champions olympiques suédois Eric
8%
Jim CALDER Rugbymen Finlay
8%
Tim HILDEBRANDT Illustrateurs américains Greg
8%
Larry BOURGEOIS Danseurs Laurent
8%
Tim GULLIKSON Tennismen Tom
8%
Steve MAHRE Skieurs américains Phil
0%
Aucun quiz correspondant
Distribution des résultats
% des personnes avec chaque résultat
Percentile par nombre de réponses
Votre historique - résultats
Vous n’avez pas pris ce quiz